00402nam a2200157Ia 4500008004100000020001500041041001200056082001600068100002000084245006500104250000800169260002900177300000800206650001400214700001600228221030s9999 xx 000 0 und d a9812531769 aEnglish a105.23bSil aA. Silberschatz 0aOperating System Principlescby A. Silberschatz, P.B. Galvin a7th bJohn Wiley & Sonsc2006 a896 aComputers aP.B. Galvin